Statistiques concernant Quiz sur les symboles de la classification périodique des éléments

Cliquez ici pour prendre le quiz!

Statistiques générales

  • Ce quiz a été pris 67 fois
  • Le résultat moyen est 12 sur 20

Statistiques - réponses

Answer % Correct
Hélium (He)
92%
Oxygène (O)
83%
Fluor (F)
72%
Néon (Ne)
72%
Sodium (Na)
70%
Chlore (Cl)
70%
Soufre (S)
68%
Potassium (K)
66%
Aluminium (Al)
66%
Argon (Ar)
66%
Lithium (Li)
66%
Magnésium (Mg)
62%
Uranium (U)
58%
Phosphore (P)
53%
Béryllium (Be)
53%
Silicium (Si)
53%
Vanadium (V)
45%
Iode (I)
45%
Tungstène (W)
34%
Yttrium (Y)
23%

Distribution des résultats

Percentile par nombre de réponses

% des personnes avec chaque résultat

Votre développement - résultats

Vous n’avez pas pris ce quiz